00559nam a2200133Ia 4500008004100000245018000041260002900221260000900250300000600259650001300265856005500278999001900333952007300352170516s9999 xx 000 0 und d aFormulation and Evaluation of Multilayered Tablets of Pioglitazone Hydrochloride and Metformin Hydrochloride, Y. Ankamma Chowdary, Ramakrishna Raparla, and Muramshetty Madhuri bJournal of Pharmaceutics c2014 a: xPharmacy uhttps://www.hindawi.com/journals/jphar/contents/2/ c331391d331391 001040aCLbCLd2017-05-16l0r2017-05-16 00:00:00w2017-05-16yFOJ